000 01190nac a22002897a 4500
001 BR8200058
003 BR-BrBNA
005 20240105115206.0
008 230509b bl.|||m| |||| 00| 0 por d
040 _aBR-BrBNA
_bpor
_cBiblioteca Nacional de Agricultura
072 _aF00
090 _a0120 BR8200058
100 1 _aSerpa, J.E.S.
100 1 _aBarreto, A.C.
110 1 _aUnidade de Execucao de Pesquisa de Ambito Estadual de Aracaju, SE (Brasil)
_910344
245 1 _aAvaliacao de populacoes de plantas de milho e de arranjos especiais no consorcio com o feijao (Phaseolus vulgaris L.)[Zea mays; Producao vegetal; Brasil]
246 1 _a[Evaluation of maize plant populations and special arrangements in association with beans (Phaseolus vulgaris L.)[Zea mays; Plant production; Brazil]]
260 3 _aAracaju, SE (Brasil):
_c1981.
300 _a7 p.
490 _aComunicado Tecnico - Unidade de Execucao de Pesquisa de Ambito Estadual de Aracaju (Brazil)
_vno. 5
_xISSN 0100-4867
650 _aProducao vegetal
650 _aMilho
650 _aFeijao
650 _aConsorciacao de cultura
909 _a202312
_bLúcia Elande
_c55
_dLúcia Elande
942 _2AGRIS
_n0
_cMS
999 _c273580
_d273580